<?xml version="1.0" encoding="UTF-8"?><?xml-stylesheet type="text/xsl" href="static/style.xsl"?><OAI-PMH xmlns="http://www.openarchives.org/OAI/2.0/" xmlns:xsi="http://www.w3.org/2001/XMLSchema-instance" xsi:schemaLocation="http://www.openarchives.org/OAI/2.0/ http://www.openarchives.org/OAI/2.0/OAI-PMH.xsd"><responseDate>2026-06-07T16:53:26Z</responseDate><request verb="GetRecord" identifier="oai:docta.ucm.es:20.500.14352/118495" metadataPrefix="marc">https://docta.ucm.es/rest/oai/request</request><GetRecord><record><header><identifier>oai:docta.ucm.es:20.500.14352/118495</identifier><datestamp>2025-03-18T12:57:53Z</datestamp><setSpec>com_20.500.14352_14</setSpec><setSpec>col_20.500.14352_15</setSpec></header><metadata><record xmlns="http://www.loc.gov/MARC21/slim" xmlns:dcterms="http://purl.org/dc/terms/" xmlns:xsi="http://www.w3.org/2001/XMLSchema-instance" xmlns:doc="http://www.lyncode.com/xoai" xsi:schemaLocation="http://www.loc.gov/MARC21/slim http://www.loc.gov/standards/marcxml/schema/MARC21slim.xsd">
   <leader>00925njm 22002777a 4500</leader>
   <datafield ind2=" " ind1=" " tag="042">
      <subfield code="a">dc</subfield>
   </datafield>
   <datafield ind2=" " ind1=" " tag="720">
      <subfield code="a">Calvo Sorando, José Pedro</subfield>
      <subfield code="e">author</subfield>
   </datafield>
   <datafield ind2=" " ind1=" " tag="720">
      <subfield code="a">Alcalá, L.</subfield>
      <subfield code="e">author</subfield>
   </datafield>
   <datafield ind2=" " ind1=" " tag="720">
      <subfield code="a">Alonso Zarza, Ana María</subfield>
      <subfield code="e">author</subfield>
   </datafield>
   <datafield ind2=" " ind1=" " tag="720">
      <subfield code="a">Dam, J. van</subfield>
      <subfield code="e">author</subfield>
   </datafield>
   <datafield ind2=" " ind1=" " tag="720">
      <subfield code="a">Gutíerrez Santolalla, F.</subfield>
      <subfield code="e">author</subfield>
   </datafield>
   <datafield ind2=" " ind1=" " tag="260">
      <subfield code="c">1998</subfield>
   </datafield>
   <datafield ind2=" " ind1=" " tag="520">
      <subfield code="a">Detailed mapping of the Los Mansuetos area, located northeast of the town of Teruel, allows a better lithostratigraphical definition of the Upper Miocene to Pliocene continental sediments exposed in the area. Six main stratigraphic units are distinguished and correlated from E to W of Los Mansuetos. In addition, the complex structure of the area is analyzed: four main fault systems trending NE-SW, NNW-SSE, E-W and NW-SE have been recognized. The NE-SW trending faults and an associated flexure are the youngest structures formed as a result of pervasive dissolution of underlying Triassic evaporite formations cropping out to the north of Los Mansuetos. The other fault systems are probably related to the reactivation of the Teruel and Concud fault systems. The study is relevant in furnishing a more precise geological framework for the stratotype of the Turolian.</subfield>
   </datafield>
   <datafield ind1="8" ind2=" " tag="024">
      <subfield code="a">Calvo Sorando, J.P. et al. (1998) «Estratigrafía y estructura del área de Los Mansuetos (Cuenca de Teruel). Precisiones para la definición del estratotipo del Turoliense.», Geogaceta, 25, pp. 55-58.</subfield>
   </datafield>
   <datafield ind1="8" ind2=" " tag="024">
      <subfield code="a">0213-683X</subfield>
   </datafield>
   <datafield ind1="8" ind2=" " tag="024">
      <subfield code="a">https://hdl.handle.net/20.500.14352/118495</subfield>
   </datafield>
   <datafield ind1="8" ind2=" " tag="024">
      <subfield code="a">https://sociedadgeologica.org/publicaciones/geogaceta/geogaceta-25-1998/</subfield>
   </datafield>
   <datafield ind2="0" ind1="0" tag="245">
      <subfield code="a">Estratigrafía y estructura del área de Los Mansuetos (Cuenca de Teruel). Precisiones para la definición del estratotipo del Turoliense</subfield>
   </datafield>
</record></metadata></record></GetRecord></OAI-PMH>